MDQL
is popping MORE tags! Check the
thread
!
Quizzes
Events
Quiz Creation
Community
Videos
Private Events
Remove Ads
Sign In
Join for FREE
Feedback
Dark Mode
Quiz Categories
Sports
Geography
Music
Movies
Television
Just For Fun
Miscellaneous
History
Literature
Language
Science
Gaming
Entertainment
Religion
Holiday
For Kids
Quiz Lab
Recent
Popular Today
Quiz Kudos Today
Editor Picks
Curator Picks
Quizzes by...
Day
Popularity
Type
Ratings
Length
Year
Community
Subscriptions
Recent Discussions
Orange Saloon
Badges
Playlists
Quests
Create
Leaderboards
Showdown
Live 5
Trivia Bingo
Activity
Puzzle Library
Sporcle Events
Private Events
Virtual Trivia
Globe League
Become a Host
Pub Owners
SporcleCon
Opinionation
Our Games
Videos
Blog
Mobile Apps
Partnerships
Remove Ads and Go Orange
Feedback
Music
Pop Music
The Beatles
Song
Album
Lyrics
Bands
Singers
Artist
Clip
Rock
Rap
Classical
Billboard
Country Music
Kpop
Taylor Swift
Music
Pop Music
The Beatles
Song
Album
Lyrics
Bands
Singers
Artist
Clip
Rock
Rap
Classical
Billboard
Country Music
Kpop
Taylor Swift
Random Quiz
Search Sporcle
×
Curator Pick
Curator Pick
Music
Taylor Swift
Select answers by clicking on text or image buttons
Select answers by clicking on text or image buttons
Clickable
Best Score? Go Orange.
Absent Letter: Taylor Swift Songs Stats
Can you pick the Taylor Swift Songs missing their first letters in alphabetical order?
By
renesmi12
2m
22 Questions
3,860 Plays
3,860 Plays
3,860 Plays
Comments
Comments
Give Quiz Kudos
Give Quiz Kudos
-
- Ratings
hide this ad
Forced Order
Answers have to be entered in order
Answers have to be entered in order
Random Order
Randomize order of answers
Randomize order of answers
Replay
Link that replays current quiz
Next Quiz
Link to next quiz in quiz playlist
You Got
0%
They Got
Avg Score
87%
Avg Friend Score
Upgrade to see
Score Distribution
Jump to the score distribution portion of the page
Score
0/22
Timer
02:00
0
Plays Today
% Correct
_ACK TO DECEMBER
93%
_LL YOU HAD TO DO WAS STAY
92.9%
_ORGEOUS
92.4%
_NCHANTED
92.1%
_ELICATE
91.9%
_EARLESS
91.9%
_AUNTED
91.1%
_OOK WHAT YOU MADE ME DO
89.2%
_ KNEW YOU WERE TROUBLE
89.1%
_UMP THEN FALL
88.4%
_ALL IT WHAT YOU WANT
88.2%
% Correct
_EW ROMANTICS
87%
_ING OF MY HEART
86.7%
_ICTURE TO BURN
86.7%
_UT OF THE WOODS
86.5%
_EAN
86.1%
_PARKS FLY
83.4%
_ED
82.8%
_IM MCGRAW
82.2%
_OU BELONG WITH ME
81.5%
_NTOUCHABLE
81.1%
_HITE HORSE
80.8%
Quiz Playlist
Details
Report
Send in Message
Add To Playlist
Clickable:
Select answers by clicking on text or image buttons
Forced Order:
Answers have to be entered in order
Random Order:
Randomize order of answers
Quiz Source
Last Updated: Jan 10, 2019
Curator Pick in
Taylor Swift
Quiz Scoreboard
CHALLENGE
Sign Up to Join the Scoreboard
Show All
Scores
Hide
Comments
May contain spoilers
Recently Published
Two Season TV Shows II
by 123Four
Television
10m
Image Sorting: Flags VI
by Barbecue
Geography
2m
Find the 'City' Movie
by crazypaving
Movies
60s
More to Explore
Quiz From the Vault
Featured Blog Post
14 Easter Pick-up Lines to Find Eggs With
hide this ad
You Might Also Like...
Tags
Letter Quiz
Song Quiz
Taylor Swift Quiz
Absent
Today's Top Quizzes in Music
Browse Music
hide this ad
Today's Top Quizzes in Taylor Swift
Browse Taylor Swift
Top Contributed Quizzes in Music
1
5X2 Blitz: Bands II
2
5X2 Blitz: The Beatles
3
Taylor Swift All Songs (2024)
4
5X2 Blitz: Billboard
5
5X2 Blitz: Billboard II
6
5X2 Blitz: Album
7
5X2 Blitz: Rock
8
5X2 Blitz: Singers
9
Music Artist by Three 2010s hits
10
5X2 Blitz: Lyrics
Explore More
Trending Topics
Disney
NBA
Kpop
Harry Potter
Marvel
Anime
Crossword
NFL
Pokémon
Song
Soccer
The Office
Country
Puzzle
WWE
hide this ad
More By:
renesmi12
Quiz
Plays
Rating
Category
Featured
Created
5 Blitz: Singers (Men)
21,197
4.52
Music
Sep 3, 2020
Missing Word: Taylor Swift Songs Last Words (A-Z)
18,638
4.56
Just For Fun
Mar 17, 2019
5 Blitz: Singers (Women)
16,279
4.35
Music
Aug 4, 2020
Follow That Line: Avengers - Infinity War
9,338
4.38
Movies
May 1, 2018
Follow That Line: Thor - Ragnarok
8,966
4.06
Movies
Nov 20, 2017
Go to Creator's Profile
Score Distribution
Quiz Creator Spotlight
renesmi12
Follow
Send a Message
Quizzes Created
-
Created Quiz Play Count
-
More By This Creator
Popular Quizzes Today
1
Find the US States - No Outlines Minefield
2
Colored Red Africa Blitz
3
Find the 'City' Movie
4
5x2 Blitz: Bands
5
The Countries of the World
6
Find the Countries of Europe - No Outlines Minefield
7
Find the US States
8
US States
More Music Quizzes
Lyrics: 'Rikki Don't Lose That Number' - Steely Dan
Quiz Lab
Trending Quizzes
Colored Red Europe Blitz I
Colored Red Africa Blitz II
Colored Red Europe Blitz II
Colored Red Africa Blitz III
Colored Red Europe Blitz III
Recently Updated
How Do You Spell That?
pecheneg
Godzilla Movies
pecheneg
Grab Bag: 4-10 Letters
pecheneg
2024 March Madness Bracket
pecheneg
Famous TV Couples
Peacemaker
Champions League XIs: Real Madrid
pecheneg
Largest US Cities 1790-2010
pecheneg
Rides in Walt Disney World
pecheneg
Most Oscar Losses (Acting)
pecheneg
Beyoncé Albums
pecheneg
Trending Topics
Marvel
Harry Potter
Disney
NBA
Crossword
Kpop
Anime
The Office
Pokémon
Puzzle
Song
Country
Soccer
WWE
NFL
Your Account Isn't Verified!
In order to create a playlist on Sporcle, you need to verify the email address you used during registration. Go to your
Sporcle Settings
to finish the process.
Report this User
Report this user for behavior that violates our
Community Guidelines
.
Details:
Send Report
Go to the Sporcle.com Mobile Site →
Comments